01425nam0a22002171 4500001001500000005001700015035002600032100004100058101001300099102000700112105001800119200067900137210006700816215001600883517016900899702005201068801001801120801002201138801002701160852002001187v19\rc\181941620250619132732.0 a(NLR Aleph) 004917646 a20071224d1909 |||y0rusy50 ca0 arusalat aRU ay j |||||1 aНовейший полный самоучитель латинского языка, или Руководство научиться без помощи учителя правильно читать, писать и говорить по латинскиeС объяснением произношения букв, образцами для упражнения в чтении, крат. грамматикой, слов. употребительнейших в общежитии слов и примерами для пер.eС прил. прописейeСост. по Кюнеру и другим новейшим иностр. источникам aСанкт-ПетербургcА.А. Холмушиныd1909 a192 с.d200 aРуководство научиться без помощи учителя правильно читать, писать и говорить по-латински 1aКюнерbР.f1802-1878gРафаель4100 0aRUbNLRgpsbo 0aRUbRuMoRGB2psbo 1aRUbProSoft-M2rusmarc aNLRj37.36.5.52